Praní špinavých peněz
Pranie špinavých peňazí v Rakúsku a USA. Vývoj legislatívy. Hromadné a členené transakcie peňažných hotovostí. Vyvážanie špinavých peňazí z krajiny. Využívanie obchodných spoločností s možnými vysokými peňažnými príjmami. Databáza informácií požadovaných Zákonom o bankovom tajomstve. Obrana proti pr...
Saved in:
| Main Author: | |
|---|---|
| Format: | Book Chapter |
| Language: | Czech |
| Subjects: | |
| Tags: |
No Tags, Be the first to tag this record!
|
MARC
| LEADER | 00000naa a2200000 4500 | ||
|---|---|---|---|
| 001 | r017425 | ||
| 005 | 20221208130642.5 | ||
| 041 | 0 | |a cze | |
| 044 | |a CZ | ||
| 245 | 1 | 0 | |a Praní špinavých peněz |c J. Kubsa |
| 520 | |a Pranie špinavých peňazí v Rakúsku a USA. Vývoj legislatívy. Hromadné a členené transakcie peňažných hotovostí. Vyvážanie špinavých peňazí z krajiny. Využívanie obchodných spoločností s možnými vysokými peňažnými príjmami. Databáza informácií požadovaných Zákonom o bankovom tajomstve. Obrana proti praniu špinavých peňazí. Trestný čin prania špinavých peňazí. | ||
| 610 | 2 | 0 | |a peniaze |
| 610 | 2 | 0 | |a Rakúsko |
| 610 | 2 | 0 | |a USA |
| 610 | 2 | 0 | |a legislatíva |
| 610 | 2 | 0 | |a Česko |
| 610 | 2 | 0 | |a tajomstvo bankové |
| 610 | 2 | 0 | |a hotovosť |
| 610 | 2 | 0 | |a kriminalita hospodárska |
| 610 | 2 | 0 | |a ekonomika tieňová |
| 610 | 2 | 0 | |a drogy |
| 610 | 2 | 0 | |a zlato |
| 610 | 2 | 0 | |a zákony |
| 610 | 2 | 0 | |a pranie špinavých peňazí |
| 100 | 1 | |a Kubsa, J. | |